000 00692nam a2200181 i 4500
001 185348
003 ES-MaACL
005 20250903083733.0
008 160524s1903 sp |||| | spa d
110 2 _aLibrería de Antonino Romero (Madrid)
_9159623
245 1 0 _aCatálogo de algunas obras de legislación, jurisprudencia y administración que se hallan en venta en la Librería de Antonino Romero, calle de Preciados, 23.
260 _aMadrid :
_bLibrería de Antonino Romero,
_c1903.
300 _a31 p. ;
_c17 cm.
650 4 _aLibros-
_vCatálogos comerciales.
_9159004
650 7 _aCatálogos de libreros
_2embne
_9139327
852 _aES-MaACL
_j1545-F-7
999 _c185348
_d185348